Ukrajina vydaje «ljublju poeziju i prozu Valerija Hužvy ...»

Bibliographic Details
Format: Article
Language:Ukrainian
PhysicalDescription:Fotogr.
Subjects:

MARC

LEADER 00000nab a2200000 a 4500
001 vtls010129625
003 SK-MaSNL
005 20260318114323.0
008 230218c2010 xo br p 000 c0ukr
015 |a SNBRB2010/09 
038 |a SVKPOCL 
040 |a SVKPOCL  |b slo  |c SVKPOCL  |e AACR2 
041 0 |a ukr 
044 |a xo  |c SK 
080 |a 821.161.2-34  |2 2001 
245 0 0 |a Ukrajina vydaje  |b «ljublju poeziju i prozu Valerija Hužvy ...»  |c [avtor] (r) 
300 |b Fotogr. 
500 |a Prezentované romány vyšli v Kyjiv : Jaroslaviv Val, 2009 
600 1 7 |a Hužva, Valerij,  |d 1936-  |t Styhma  |x romány  |x prezentácie  |2 svkpocl  |9 1628735 
600 1 7 |a Hužva, Valerij,  |d 1936-  |t Pryvyd Šekspira  |x romány  |x prezentácie  |2 svkpocl  |9 1628736 
651 7 |a Ukrajina  |2 svkpocl  |9 168045 
655 7 |a ukrajinské romány  |2 svkpocl  |9 78649 
655 7 |a prezentácie  |2 svkpocl  |9 410921 
773 0 |t Duklja  |g Rič. 58, No 2 (2010), s. 82-91 [85-86] 
852 |a SVKPO  |b KIS3GCP 
958 |a UK 
958 |a LX 
958 |a UA 
958 |a SK 
958 |a OND 
958 |a EUIPO 
999 |c 3361913  |d 3363843